• 首页
  • 本馆介绍
  • 公告通知
  • 最新文献
  • 馆藏检索
  • 电子资源
  • 读者导购
  • 参考咨询
  • 我的图书馆
  • 登录
  • 详细信息显示
  • 放入我的书架
  • 预约/预借图书
  • 作者相关作品
  • 分类相关作品
  • 丛书相关作品
  • 出版社相关作品

书目信息

  • 表格格式
  • 工作单格式
  • 卡片格式
题名:
回望大师
    
 
作者: 夏勋南
分册:  
出版信息: 北京   中国工人出版社  2005
页数: 177
开本: 20cm
丛书名:
单 册:
中图分类: J433
科图分类:
主题词: 摄影艺术--各国 , 摄影艺术--世界
电子资源:
ISBN: 7-5008-3469-1
000 00628nam0 2200205 450
001 0754949328
005 20070828151549.32
010    @a7-5008-3469-1@d¥29.00
100    @a20070828d km y0chiy0120 ea
101 0  @achi
200 1  @a回望大师@Ahui wang da shi@e世.界.人.像.摄.影.十.杰@f夏勋南@Fxia xun nan
210    @a北京@c中国工人出版社@d2005
215    @a177@d20cm
517 1  @a世·界·人·像·摄·影·十·杰@Ashi·jie·ren·xiang·she·ying·shi·jie
606 0  @a摄影艺术@y各国
606 0  @a摄影艺术@x世界
690    @aJ433@v3
701  0 @a夏勋南@Axia xun nan
801  0 @aCN@bPFT@c20070828
905    @a213230@dJ433@eM24
    
    回望大师:世.界.人.像.摄.影.十.杰/夏勋南.-北京:中国工人出版社,2005
    177;20cm
    
    
    ISBN 7-5008-3469-1:¥29.00
    
●
相关链接 在E读中查询图书 在五车中查询图书 在当当中查询图书 在豆瓣中查询图书


正题名:回望大师     索取号:J433/M24         预约/预借

序号 登录号 条形码 馆藏地/架位号 状态 备注
1 6401615   264016157   密集书库-美术系/ [索取号:J433/M24] 在馆    
2 6401617   264016175   密集书库-美术系/ [索取号:J433/M24] 在馆    
3 6401618   264016184   密集书库-美术系/ [索取号:J433/M24] 在馆    
4 6401620   264016200   美术系资料室/ [索取号:J433/M24] 在馆    
5 6401629   264016193   密集书库-美术系/ [索取号:J433/M24] 在馆    
唐山师范学院图书馆 欢迎您!
大连网信软件有限公司© 版权所有